000 01001cam a2200313 a 4500
999 _c5429
_d5429
001 17290053
003 OSt
005 20250918090653.0
008 120508s2008 enka 000 0 eng d
010 _a 2011278143
020 _a9780194234214
_qpbk.
035 _a17290053
035 _a(OCoLC)263362938
040 _aSULEY
_beng
_cSULEY
_dTVG
_dOCLCQ
_dDLC
_dKH8
042 _alccopycat
082 _a428.6 BOR
100 1 _aBorder, Rosemary,
_d1943-
_eauthor.
245 1 4 _aThe fifteenth character /
_cRosemary Border ; Illustrated by David Hine.
260 _aOxford ;
_aNew York :
_bOxford University Press,
_c2008.
300 _a40 p. :
_bcol. ill. ;
_c20 cm.
336 _atext
_btxt
_2rdacontent
337 _aunmediated
_bn
_2rdamedia
338 _avolume
_bnc
_2rdacarrier
490 0 _aOxford Bookworms Library. Starter. Thriller & Adventure.
650 0 _aEnglish language
_xStudy and teaching.
650 0 _aReaders (Primary)
700 1 _aHine, David,
_eillustrator.
942 _2ddc
_cTR